The Waltons Episodes - Statistics

General Stats
  • This quiz has been taken 18 times
  • The average score is 17 of 104
Answer Stats
season episode name % Correct
The Car
50%
The Fire
50%
1 The Foundling
50%
The Typewriter
50%
The Calf
44%
The Hunt
44%
The Star
44%
The Carnival
38%
The Runaway
38%
The Actress
31%
The Chicken Thief
31%
The First Day
31%
The Love Story
31%
The Statue
31%
The Fox
25%
The Gift
25%
The Graduation
25%
The Honeymoon
25%
The Reunion
25%
The Test
25%
The Wing Walker
25%
The Bicycle
19%
The Birthday
19%
The Book
19%
The Braggart
19%
The Courtship
19%
The Cradle
19%
The Deed
19%
The Dust Bowl Cousins
19%
The Fawn
19%
The Heritage
19%
The Job
19%
2 The Journey
19%
The Literary Man
19%
The Minstrel
19%
The Nurse
19%
The Quilting
19%
The Scholar
19%
The Search
19%
The Theft
19%
The Woman
19%
The Air Mail Man
13%
The Awakening
13%
The Bequest
13%
The Boondoggle
13%
The Boy From the C.C.C
13%
The Breakdown
13%
The Ceremony
13%
The Choice
13%
The Fire Storm
13%
The Fledgling
13%
The Fulfillment
13%
The Genius
13%
The Ghost story
13%
The Gypsies
13%
The House
13%
The Legend
13%
The Lie
13%
The Loss
13%
The Odyssey
13%
The Prize
13%
The Roots
13%
The Separation
13%
The Sinner
13%
The Song
13%
The Thoroughbred
13%
The Townie
13%
The Triangle
13%
The Venture
13%
The Visitor
13%
The Abdication
6%
The Baptism
6%
The Beguiled
6%
The Big Brother
6%
The Burn Out part 1
6%
The Burn Out part 2
6%
The Caretakers
6%
The Collision
6%
The Comeback
6%
The Competition
6%
The Departure
6%
The Emergence
6%
The Estrangement
6%
The Fighter
6%
5 The First Edition
6%
pilot movie The Homecoming: A Christmas Story
6%
The Intruders
6%
The Marathon
6%
The Matchmakers
6%
The Nightwalker
6%
The Prophecy
6%
The Ring
6%
The Romance
6%
The Secret
6%
4 The Sermon
6%
The Shivaree
6%
The Spoilers
6%
The System
6%
The Vigil
6%
An Easter Story Parts 1 and 2
0%
3 The Conflict parts 1 and 2
0%
The Five Foot Shell
0%
The Subsitute
0%
The Thanksgiving Story parts 1 and 2
0%
No matching quizzes found
Score Distribution
Percent of People with Each Score
Percentile by Number Answered
Your Score History
You have not taken this quiz